00203nam a2200073Ia 4500008004100000082000800041100001700049245006300066240331s9999 xx 000 0 und d bGUN aGunaratna, R 0aSri Lanka a lost revolution :bthe inside story of the JVP